Fr. Conceicao Rodrigues College of Engineering

Total Quality Control (Record no. 31482)

MARC details
000 -LEADER
fixed length control field 00323nam a2200145Ia 4500
082 ## - DEWEY DECIMAL CLASSIFICATION NUMBER
Classification number 620.0045
Item number PAN
100 ## - MAIN ENTRY--PERSONAL NAME
Personal name Feigenbaum/ A.V.
245 ## - TITLE STATEMENT
Title Total Quality Control
260 ## - PUBLICATION, DISTRIBUTION, ETC.
Name of publisher, distributor, etc. Mc Graw Hill
Place of publication, distribution, etc. Singapore
Date of publication, distribution, etc. 1993
300 ## - PHYSICAL DESCRIPTION
Extent 228
546 ## - LANGUAGE NOTE
Language note ENGLISH
654 ## - SUBJECT ADDED ENTRY--FACETED TOPICAL TERMS
Focus term Total quality control
942 ## - ADDED ENTRY ELEMENTS (KOHA)
Koha item type BOOK
Holdings
Withdrawn status Lost status Damaged status Not for loan Collection Home library Current library Shelving location Date acquired Source of acquisition Cost, normal purchase price Total Checkouts Full call number Barcode Date last seen Cost, replacement price Price effective from Koha item type
        CRC Fr. Agnel's C.Rodrigues College of Engineering Fr. Agnel's C.Rodrigues College of Engineering   17/03/2023 Union Book 463.15   620.0045 PAN 5543 25/11/2025 463.15 17/03/2023 BOOK